01239nam a2200277 450000500170000000700150001700800410003201700210007302000180009403500090011204000140012108000200013509000150015510000330017024501070020325600240031026000370033430000280037150602850039965000380068474000380072285600790076094200080083995200950084799900190094220240305165357.0cr|||| |||| 030120s2002 sp 000 0 spa c aD.L.B.41327-2002 a84-932264-5-9 a6517 aBUSdvLex a331.106.25(460) c3260d32601 aBenito Álvarez, Carlos de.10aManual estratégico de negociación laboral h[Recurso electrónico] /cCarlos de Benito Álvarez. aServicio en línea aBarcelona :bExperiencia,c2002. a1 recurso electrónico1 aContenido solo disponible en los productos indicadosdvLex Global dvLex Global (Academic Edition, excluding Law Schools) dvLex Global (U.S. Academic Edition, Law Schools) dvLex Global (U.S. Academic Edition, excluding Law Schools) dvLex Global (Academic Edition, Law Schools) 04aNegociación colectivazEspaña0 avLex Libros (Servicio en línea)40uhttps://app.vlex.com/#/sources/manual-estrategico-negociacion-laboral-6517 cRAA 001040708VLEX9319668aBD-UINbBD-UINd2024-03-05l0p6517r2024-03-05w2024-03-05yRAA c161666d161666